000 00407 a2200157 4500
001 75297
020 _a8598866016
040 _cAnchieta - Colégio São Paulo
100 _acapinan, José Carlos
240 1 0 _aVinte canções de amor e um poema quase desperado
_lpor
245 1 0 _aVinte canções de amor e um poema quase desperado
300 _a68
362 0 _a2004
650 4 _aMúsica
942 _cBK
999 _c75297
_d75297